[Event "AUTO-ADV-1360"]
[Site "http://www.queenalice.com/game.php?id=601500"]
[Date "2009.6.10"]
[Round "1"]
[White "amor29052008"]
[Black "Popeye"]
[Result "1-0"]
[WhiteElo "1754"]
[BlackElo "1619"]

1. d4 d5 2. c4 dxc4 3. Nc3 a6 4. a4 Nf6 5. e4 c6 6. Bxc4 e6 7. Nf3 h6 8. O-O Bb4
9. Qc2 Bxc3 10. bxc3 b5 11. axb5 Bd7 12. bxc6 Bxc6 13. Re1 a5 14. Ba3 Qd7 15.
Ne5 Qc7 16. Nxc6 Nxc6 17. Bb5 a4 18. d5 Kd8 19. Bxc6 Ra6 20. Bb4 Qa7 21. Rxa4
exd5 22. Rxa6 Qxa6 23. exd5 Qa7 24. Qe2 1-0

[Event "AUTO-ADV-1360"]
[Site "http://www.queenalice.com/game.php?id=601517"]
[Date "2009.6.10"]
[Round "1"]
[White "ravague"]
[Black "amor29052008"]
[Result "1-0"]
[WhiteElo "1984"]
[BlackElo "1765"]

1. e4 c5 2. Bc4 e6 3. Nc3 b6 4. Nf3 Bb7 5. d4 g6 6. Ng5 Bg7 7. Qf3 Nf6 8. Qh3
cxd4 9. Nb5 O-O 10. e5 Nh5 11. g4 h6 12. Nf3 Bxe5 13. gxh5 a6 14. Na3 Qf6 15.
Be2 g5 16. Rg1 d3 17. Nxg5 hxg5 18. Bxg5 Qf5 19. Bf6+ 1-0

[Event "AUTO-ADV-1360"]
[Site "http://www.queenalice.com/game.php?id=601518"]
[Date "2009.6.10"]
[Round "1"]
[White "amor29052008"]
[Black "ravague"]
[Result "0-1"]
[WhiteElo "1726"]
[BlackElo "1919"]

1. d4 d5 2. c4 dxc4 3. Nc3 e6 4. e3 c5 5. Nf3 cxd4 6. Nxd4 Bb4 7. Qa4+ Nc6 8.
Nxc6 Bxc3+ 9. bxc3 bxc6 10. Qxc6+ Bd7 11. Qxc4 Nf6 12. Be2 Qa5 13. Bd2 a6 14.
O-O O-O 15. Qb4 Qc7 16. Rfd1 Nd5 17. Qd4 Ba4 18. Rdc1 Rfd8 19. Qxa4 Nb6 20. Qc2
a5 21. Rab1 Nd5 22. c4 Nf6 23. Bc3 Nd7 24. a4 Nc5 25. Bd4 Na6 26. c5 Nb4 27. Qc4
Rab8 28. f4 Qc6 0-1

[Event "AUTO-OPEN-1584"]
[Site "http://www.queenalice.com/game.php?id=601581"]
[Date "2009.6.11"]
[Round "1"]
[White "Papachibe"]
[Black "amor29052008"]
[Result "1-0"]
[WhiteElo "2040"]
[BlackElo "1617"]

1. e4 c5 2. Nf3 e6 3. Bc4 Be7 4. Nc3 b6 5. d3 a6 6. a3 Bb7 7. Bf4 d5 8. exd5
exd5 9. Ba2 Nf6 10. O-O O-O 11. Re1 Re8 12. Ne2 Nc6 13. Ng3 Qd7 14. c3 d4 15.
cxd4 Nxd4 16. Ne5 Qc8 17. Bxf7+ Kh8 18. Bxe8 Qxe8 19. Nf5 Nxf5 20. Qb3 Bd5 21.
Qxb6 Qd8 22. Qxd8+ Rxd8 23. g4 Nd6 24. h3 1-0

[Event "AUTO-OPEN-1584"]
[Site "http://www.queenalice.com/game.php?id=601582"]
[Date "2009.6.11"]
[Round "1"]
[White "amor29052008"]
[Black "Papachibe"]
[Result "0-1"]
[WhiteElo "1619"]
[BlackElo "2038"]

1. d4 Nf6 2. c4 e6 3. e3 d5 4. Nf3 Bb4+ 5. Nc3 O-O 6. Be2 Ne4 7. Qc2 Bd7 8. O-O
Nxc3 9. bxc3 Be7 10. Qb3 dxc4 11. Qxb7 Nc6 12. Qa6 Rb8 13. Qxc4 Na5 14. Qd3 Bb5
15. Qd2 Nc4 16. Bxc4 Bxc4 17. Rd1 c6 18. Ne5 Bb5 19. a4 f6 20. axb5 fxe5 21.
bxc6 e4 22. Rxa7 Bd6 23. c4 Bb4 24. Qc2 Qb6 0-1

[Event "AUTO-OPEN-1584"]
[Site "http://www.queenalice.com/game.php?id=601599"]
[Date "2009.6.11"]
[Round "1"]
[White "amor29052008"]
[Black "Dyggo"]
[Result "0-1"]
[WhiteElo "1792"]
[BlackElo "1861"]

1. d4 d5 2. c4 c6 3. e3 e6 4. Nf3 Nd7 5. Bd3 Ngf6 6. O-O dxc4 7. Bxc4 b5 8. Bd3
a6 9. Nc3 Bb7 10. b3 c5 11. dxc5 Nxc5 12. Be2 Bd6 13. Bb2 O-O 14. Rc1 Rc8 15.
Qd2 Bxf3 16. Bxf3 Bxh2+ 0-1

[Event "AUTO-OPEN-1584"]
[Site "http://www.queenalice.com/game.php?id=601600"]
[Date "2009.6.11"]
[Round "1"]
[White "Dyggo"]
[Black "amor29052008"]
[Result "1-0"]
[WhiteElo "1938"]
[BlackElo "1798"]

1. d4 d5 2. c4 dxc4 3. e4 e6 4. Bxc4 Be7 5. Nf3 Nf6 6. Nc3 O-O 7. O-O c6 8. a3
b6 9. Bf4 Bb7 10. Qe2 Qc8 11. d5 cxd5 12. exd5 exd5 13. Bb5 Bc5 14. Rac1 a6 15.
Ba4 b5 16. b4 Re8 17. Qd3 Qg4 18. Bxb8 Raxb8 19. Bxb5 Bxf2+ 20. Rxf2 axb5 21.
Nd4 Rbc8 22. Rxf6 gxf6 23. Nf5 Re5 24. Nh6+ 1-0

[Event "AUTO-OPEN-1585"]
[Site "http://www.queenalice.com/game.php?id=602028"]
[Date "2009.6.12"]
[Round "1"]
[White "kimovich"]
[Black "amor29052008"]
[Result "1-0"]
[WhiteElo "1975"]
[BlackElo "1729"]

1. e4 c5 2. c3 e6 3. d4 Nf6 4. e5 Nd5 5. Nf3 Be7 6. Bd3 O-O 7. h4 b6 8. Bxh7+
Kxh7 9. Ng5+ Bxg5 10. hxg5+ Kg8 11. Qh5 f6 12. g6 1-0

[Event "AUTO-OPEN-1585"]
[Site "http://www.queenalice.com/game.php?id=602029"]
[Date "2009.6.12"]
[Round "1"]
[White "amor29052008"]
[Black "kimovich"]
[Result "0-1"]
[WhiteElo "1601"]
[BlackElo "2005"]

1. d4 Nf6 2. c4 g6 3. e3 Bg7 4. Nf3 O-O 5. Bd3 d5 6. O-O Bg4 7. Nbd2 c6 8. b3
Nbd7 9. Bb2 Re8 10. h3 Bxf3 11. Nxf3 Ne4 12. cxd5 cxd5 13. Rc1 Rc8 0-1

[Event "AUTO-OPEN-1585"]
[Site "http://www.queenalice.com/game.php?id=602048"]
[Date "2009.6.12"]
[Round "1"]
[White "REDWOLF"]
[Black "amor29052008"]
[Result "0-1"]
[WhiteElo "1657"]
[BlackElo "1729"]

1. e4 c5 2. Bc4 e6 3. Nf3 a6 4. O-O b5 5. Bd3 Bb7 6. Ne5 d6 7. Nf3 c4 8. Be2
Bxe4 9. Nd4 Bb7 10. d3 cxd3 11. Qxd3 Nf6 12. Bg5 Be7 13. c4 bxc4 14. Qxc4 O-O
15. Nc3 d5 16. Qd3 Nc6 17. Nxc6 Bxc6 18. Rfe1 Qb6 19. b3 Rac8 20. Bxf6 Bxf6 21.
Na4 Bxa4 22. bxa4 Bxa1 23. Rxa1 Qb2 24. Rf1 Rc6 25. a3 Rfc8 26. g3 Rc2 27. Bg4
R2c3 28. Qxa6 Qxa3 29. Bh5 R3c6 30. Qa7 g6 31. Be2 Rc2 32. Bb5 Rb2 33. Qd7 Rcc2
34. h4 Qf3 35. Qa7 Qxg3+ 36. Kh1 Rxf2 37. Rxf2 Rxf2 38. Qxf2 Qxf2 39. a5 Qxh4+
40. Kg2 g5 41. a6 g4 0-1

[Event "AUTO-OPEN-1585"]
[Site "http://www.queenalice.com/game.php?id=602049"]
[Date "2009.6.12"]
[Round "1"]
[White "amor29052008"]
[Black "REDWOLF"]
[Result "1-0"]
[WhiteElo "1765"]
[BlackElo "1665"]

1. d4 d5 2. c4 c6 3. e3 Bf5 4. Nf3 Nf6 5. Be2 e6 6. O-O Qa5 7. Nc3 Bb4 8. Bd2
Bxc3 9. Bxc3 Qb6 10. b3 Qc7 11. Rc1 O-O 12. Bb2 Qd7 13. Re1 Be4 14. cxd5 Bxd5
15. Ne5 Qd6 16. f3 b5 17. e4 Nxe4 18. fxe4 Bxe4 19. Bf3 Bxf3 20. Qxf3 f6 21.
Nxc6 Nxc6 22. Rxc6 Qb4 23. Rcxe6 Qd2 24. Qd5 Qxb2 25. R6e2+ Kh8 26. Rxb2 Rad8
27. Qxb5 h6 28. Rbe2 Kh7 29. Qf5+ Kg8 30. Re7 Rxd4 31. Qg6 Rg4 32. Rxg7+ Kh8 33.
Qh7# 1-0

[Event "AUTO-OPEN-1585"]
[Site "http://www.queenalice.com/game.php?id=602058"]
[Date "2009.6.12"]
[Round "1"]
[White "GreyRaven"]
[Black "amor29052008"]
[Result "1-0"]
[WhiteElo "1783"]
[BlackElo "1758"]

1. e4 c5 2. Nc3 e6 3. g3 b6 4. Bg2 Bb7 5. d3 d6 6. f4 Nf6 7. Nge2 Be7 8. O-O O-O
9. e5 Bxg2 10. exf6 Bxf1 11. fxe7 Qxe7 12. Qxf1 Nc6 13. Bd2 1-0

[Event "AUTO-OPEN-1585"]
[Site "http://www.queenalice.com/game.php?id=602059"]
[Date "2009.6.12"]
[Round "1"]
[White "amor29052008"]
[Black "GreyRaven"]
[Result "0-1"]
[WhiteElo "1743"]
[BlackElo "1843"]

1. d4 d6 2. c4 Nf6 3. Nf3 g6 4. e3 Bg7 5. Bd3 O-O 6. O-O c6 7. b3 Nbd7 8. Bb2 b6
9. Nc3 Bb7 10. Rc1 Re8 11. Re1 Rc8 12. Qd2 c5 13. dxc5 Bxf3 14. gxf3 Nxc5 15.
Bb1 Qd7 16. Qe2 a6 17. Red1 Qh3 18. Ne4 Ncxe4 19. Bxe4 Nxe4 20. Bxg7 Ng5 0-1